| 000 | 00902nam a22003017a 4500 | ||
|---|---|---|---|
| 001 | BR7804450 | ||
| 003 | BR-BrBNA | ||
| 005 | 20230928085647.0 | ||
| 007 | ta | ||
| 008 | 230509b bl.||||| |||| 00| 0 por d | ||
| 040 |
_aBR-BrBNA _bpor _cBiblioteca Nacional de Agricultura |
||
| 041 | _a(Por) | ||
| 072 |
_aF27 _b0430 |
||
| 090 | _ 0430 BR7804450 | ||
| 100 | 1 | _aAssis, J.S. de | |
| 100 | 1 | _aBregante, E.M. | |
| 245 | 1 |
_aRevisao biografica da cultura do algodoeiro herbaceo e comportamento do algodoeiro cultivar "Acala Del Cerro" com irrigacao [Gossypium hirsutum] _bConvenio IICA/MINTER (SUDENE) |
|
| 260 | 3 |
_aJuazeiro, BA (Brasil): _c1978. |
|
| 300 | _a5 p. | ||
| 500 | _a14 ref. | ||
| 650 | _aCultivo do solo | ||
| 650 | _aAlgodao herbaceo | ||
| 650 | _aAlgodao | ||
| 650 | _aPratica cultural | ||
| 650 | _aCultura irrigada | ||
| 909 |
_a202309 _bLucia _c55 _dLucia Elande |
||
| 942 | _cBK | ||
| 999 |
_c25642 _d25642 |
||